Countries with the Most US Open Players - Statistics

General Stats
  • This quiz has been taken 25 times
  • The average score is 55 of 66
Answer Stats
# of Players Answer % Correct
6 Brazil
100%
12 Canada
100%
21 Russia
100%
29 Spain
100%
17 United Kingdom
100%
103 United States
100%
3 Chile
95%
4 Colombia
95%
20 Czechia
95%
1 Finland
95%
30 France
95%
2 Norway
95%
3 Portugal
95%
14 Romania
95%
12 Slovakia
95%
8 Slovenia
95%
7 Sweden
95%
32 Australia
90%
7 Austria
90%
13 Belgium
90%
17 China
90%
12 Croatia
90%
2 Denmark
90%
26 Germany
90%
21 Japan
90%
1 Lithuania
90%
12 Netherlands
90%
1 Paraguay
90%
2 South Africa
90%
10 Switzerland
90%
3 Turkey
90%
15 Argentina
86%
7 Belarus
86%
2 Bosnia and Herzegovina
86%
4 Bulgaria
86%
2 Estonia
86%
3 Greece
86%
24 Italy
86%
4 Latvia
86%
2 Mexico
86%
3 New Zealand
86%
8 Poland
86%
13 Serbia
86%
4 South Korea
86%
1 Bolivia
81%
4 Hungary
81%
2 Israel
81%
1 Luxembourg
81%
1 Montenegro
81%
9 Ukraine
81%
1 Uruguay
81%
7 India
76%
1 Indonesia
76%
6 Taiwan
76%
2 Ecuador
71%
1 Moldova
71%
7 Kazakhstan
67%
1 Pakistan
67%
2 Tunisia
67%
1 Cyprus
62%
4 Georgia
62%
1 Uzbekistan
57%
1 Barbados
48%
1 Monaco
48%
1 El Salvador
38%
1 Puerto Rico
29%
No matching quizzes found
Score Distribution
Percent of People with Each Score
Percentile by Number Answered
Your Score History
You have not taken this quiz